| 000 | 00452nas a22001577a 4500 | ||
|---|---|---|---|
| 005 | 20251108172815.0 | ||
| 008 | 250721s9999 xx mr 000 0 ara d | ||
| 082 | 1 | 4 | _aم/051/ازه |
| 245 | 1 | 0 | _aالازهر : مجله جامعه / |
| 264 | 1 |
_aالقاهره : _bالجامع الازهر - مشيخه الازهر، |
|
| 310 | _aMonthly | ||
| 650 | 1 | 7 | _aدوريات عربيه |
| 650 | 1 | 7 | _aالاسلام |
| 942 |
_2ddc _cPER |
||
| 999 |
_c88963 _d88963 |
||